MARC details
| 000 -CABECERA |
| campo de control de longitud fija |
01956nam a22003017a 4500 |
| 003 - IDENTIFICADOR DEL NÚMERO DE CONTROL |
| campo de control |
OSt |
| 005 - FECHA Y HORA DE LA ÚLTIMA TRANSACCIÓN |
| campo de control |
20260514105331.0 |
| 008 - DATOS DE LONGITUD FIJA--INFORMACIÓN GENERAL |
| campo de control de longitud fija |
260121b |||||||| |||| 00| 0 eng d |
| 022 ## - NÚMERO INTERNACIONAL NORMALIZADO PARA PUBLICACIONES SERIADAS |
| Número Internacional Normalizado para Publicaciones Seriadas |
1873-6505 |
| 022 ## - NÚMERO INTERNACIONAL NORMALIZADO PARA PUBLICACIONES SERIADAS |
| Número Internacional Normalizado para Publicaciones Seriadas |
1478-4092 |
| 040 ## - FUENTE DE LA CATALOGACIÓN |
| Centro catalogador/agencia de origen |
TBS |
| Lengua de catalogación |
EN |
| Centro/agencia transcriptor |
TBS |
| 041 ## - CÓDIGO DE LENGUA |
| Código de lengua del texto/banda sonora o título independiente |
eng |
| 100 ## - ENTRADA PRINCIPAL--NOMBRE DE PERSONA |
| Nombre de persona |
Hartmann, Evi |
| 9 (RLIN) |
27066 |
| Término indicativo de función/relación |
author |
| 245 ## - MENCIÓN DE TÍTULO |
| Título |
Organisational design implications of global sourcing |
| Resto del título |
: a multiple case study analysis on the application of control mechanisms |
| Mención de responsabilidad, etc. |
/ Evi Hartmann, Gerhard Trautmann, Christopher Jahns. |
| 260 ## - PUBLICACIÓN, DISTRIBUCIÓN, ETC. |
| Nombre del editor, distribuidor, etc. |
Journal of Purchasing and Supply Management, |
| Fecha de publicación, distribución, etc. |
2008. |
| 300 ## - DESCRIPCIÓN FÍSICA |
| Extensión |
28-42 pages. |
| 362 ## - FECHAS DE PUBLICACIÓN Y/O DESIGNACIÓN SECUENCIAL |
| Fecha de publicación y/o designación secuencial |
Journal of purchasing and supply management, 2008-03, Vol.14 (1), p.28-42 |
| 520 ## - SUMARIO, ETC. |
| Sumario, etc. |
Global sourcing has become an intended practice for many multinational corporations. Organisational design implications of global sourcing are rarely considered although they are one of the main facets of a global sourcing strategy. By elaborating on the information processing perspective of contingency theory, we derive explanations for the application of different control mechanisms in the global sourcing context. Our findings from case studies at eight multinational companies suggest that variations in control mechanisms can be explained by two contingencies: (1) corporate organisational structure and (2) the distribution of purchasing expertise among subsidiaries. Based on these case study findings, we formulate ten propositions for future research. |
| 630 #0 - PUNTO DE ACCESO ADICIONAL DE MATERIA--TÍTULO UNIFORME |
| Título uniforme |
MSc International Business |
| 9 (RLIN) |
26977 |
| 650 #0 - PUNTO DE ACCESO ADICIONAL DE MATERIA--TÉRMINO DE MATERIA |
| Término de materia o nombre geográfico como elemento de entrada |
Purchasing |
| Subdivisión general |
Management |
| 9 (RLIN) |
23193 |
| 650 #0 - PUNTO DE ACCESO ADICIONAL DE MATERIA--TÉRMINO DE MATERIA |
| Término de materia o nombre geográfico como elemento de entrada |
Physical distribution of goods |
| Subdivisión general |
Management |
| 9 (RLIN) |
1965 |
| 650 #0 - PUNTO DE ACCESO ADICIONAL DE MATERIA--TÉRMINO DE MATERIA |
| Término de materia o nombre geográfico como elemento de entrada |
Business logistics |
| 9 (RLIN) |
2448 |
| 650 #0 - PUNTO DE ACCESO ADICIONAL DE MATERIA--TÉRMINO DE MATERIA |
| Término de materia o nombre geográfico como elemento de entrada |
Industrial procurement |
| 9 (RLIN) |
2625 |
| 700 ## - ENTRADA AGREGADA--NOMBRE PERSONAL |
| Nombre de persona |
Trautmann, Gerhard |
| 9 (RLIN) |
27067 |
| Término indicativo de función/relación |
author |
| 700 ## - ENTRADA AGREGADA--NOMBRE PERSONAL |
| Nombre de persona |
Jahns, Christopher |
| 9 (RLIN) |
27068 |
| Término indicativo de función/relación |
author |
| 856 ## - LOCALIZACIÓN Y ACCESO ELECTRÓNICOS |
| Identificador Uniforme del Recurso |
<a href="https://research-ebsco-com.hub.tbs-education.fr/linkprocessor/plink?id=84c00069-0773-35c3-9065-198d65b0462f">https://research-ebsco-com.hub.tbs-education.fr/linkprocessor/plink?id=84c00069-0773-35c3-9065-198d65b0462f</a> |
| 942 ## - ELEMENTOS DE ENTRADA AGREGADA (KOHA) |
| Fuente del sistema de clasificación o colocación |
Clasificación de Library of Congress |